Music Quiz

Random Music or Country Music Quiz

Country Music Artists Quiz Stats

 Plays Quiz not verified by Sporcle

Support Sporcle.
Go Orange.
Score 0/45 Timer 05:00
0 Plays Today
% Correct
Carrie Underwood
75.3%
Toby Keith
71.3%
Blake Shelton
71.1%
Tim McGraw
64.9%
George Strait
64.5%
Taylor Swift
63.8%
Garth Brooks
62.8%
Jason Aldean
61.2%
Keith Urban
60.2%
Miranda Lambert
59.3%
Brad Paisley
58.8%
Luke Bryan
53.2%
Kenny Chesney
51.1%
Reba McEntire
47.1%
Lady Antebellum
44.9%
Sugarland
37.4%
Rascal Flatts
36.9%
Eric Church
36.7%
Zac Brown Band
34.8%
Trace Adkins
32.7%
Sara Evans
28.7%
Darius Rucker
28%
Josh Turner
26.8%
% Correct
Kellie Pickler
25.6%
Billy Currington
25.4%
Rodney Atkins
25.4%
Little Big Town
24%
Jake Owen
24%
Joe Nichols
22.4%
Dierks Bentley
22.1%
Easton Corbin
18.6%
Lee Brice
17.6%
Chris Cagel
16.7%
Gary Allan
14.8%
Thompson Square
13.4%
Jewel
13.2%
Keith Anderson
11.5%
Chuck Wicks
10.4%
Emerson Drive
7.8%
Phil Vassar
7.3%
Frankie Ballard
5.9%
Jimmy Wayne
5.9%
Jason Michael Carroll
5.6%
Steel Magnolia
5.6%
Jaron & The Long Road to Love
5.2%

You're not logged in!

Compare scores with friends on all Sporcle quizzes.
OR
Log In

From the Vault

Sports Team Shoes

by El_Dandy

How do you get good at sports? It's gotta be the shoes.
Remove Ads.
Support Sporcle.
Get the best of Sporcle when you Go Orange. This ad-free experience offers more features, more stats, and more fun while also helping to support Sporcle. Thank you for becoming a member.

Show Comments

Extras

Top Quizzes Today


Score Distribution

Your Account Isn't Verified!

In order to create a playlist on Sporcle, you need to verify the email address you used during registration. Go to your Sporcle Settings to finish the process.

Report this User

Report this user for behavior that violates our Community Guidelines.

Details: